00000000cam 2200000zi 4500
0019.959332
003CaOODSP
00520260128114140
006m     o  d f      
007cr cn|||||||||
008260128e20260128onc     obs  f000 0 eng d
040 |aCaOODSP|beng|erda|cCaOODSP
043 |an-cn---
045 |ay2y2
0861 |aCS36-28-0001/2026-1-2E-PDF
1001 |aGueye, Bassirou, |eauthor.
24510|aIndigenous employment and income in Indigenous-owned businesses : |ba comparative analysis / |cby Bassirou Gueye.
264 1|a[Ottawa] : |bStatistics Canada = Statistique Canada, |cJanuary 28, 2026.
264 4|c©2026
300 |a1 online resource (8 pages).
336 |atext|btxt|2rdacontent
337 |acomputer|bc|2rdamedia
338 |aonline resource|bcr|2rdacarrier
4901 |aEconomic and social reports, |x2563-8955 ; |vvol. 6, no. 01, January 2026
500 |aIssued also in French under title: Emploi et revenu des Autochtones dans les entreprises appartenant à des Autochtones : analyse comparative.
500 |a"Catalogue no. 36-28-0001."
500 |a"Spotlight on data and research."
504 |aIncludes bibliographical references (page 8).
520 |a"Indigenous-owned businesses are a growing and important component of Canada's economic landscape. These businesses not only contribute to entrepreneurship and community development but also serve as important sources of employment for Indigenous people. … This study represents a novel contribution to the evidence base. Statistics Canada first helped close a critical data gap by developing a framework to identify Indigenous business owners and Indigenous-owned businesses. Building on that foundation, the present analysis extends the work to fill another gap, providing data on Indigenous employment within Indigenous-owned businesses. …"--Introduction, page 1.
650 5|aIndigenous employees|xEmployment|zCanada|vStatistics.
650 5|aIndigenous business enterprises|xEmployees|zCanada|vStatistics.
650 0|aWages|zCanada|vStatistics.
655 7|aStatistics|2lcgft
7102 |aStatistics Canada, |eissuing body.
77508|tEmploi et revenu des Autochtones dans les entreprises appartenant à des Autochtones : analyse comparative / |w(CaOODSP)9.959334
830#0|aEconomic and social reports (Statistics Canada)|vv. 6, no. 1, January 2026.|w(CaOODSP)9.895760
85640|qPDF|s533 KB|uhttps://publications.gc.ca/collections/collection_2026/statcan/36-28-0001/CS36-28-0001-2026-1-2-eng.pdf
8564 |qHTML|sN/A|uhttps://doi.org/10.25318/36280001202600100002-eng
986 |a36-28-0001